00437 a2200145 450000500170000002000180001708200180003510000160005324500420006926000450011130000720015670000220022870000190025070000220026920250626142224.0 a0-13-170069-3 a747.94068 WOO aWOOD, H . R aProfessional Front Office Management  aNew JerseybPEARSON Prentice Hallc2006. axxvii,676p.: ill.; figures, tables, picturesbIndex, Glossaryc26cm aJack D. Ninemeier aDavid K. Hayes aMichele A. Austin